Recomendaciones para un reglamento de recipientes a presión
সংরক্ষণ করুন:
| প্রধান লেখক: | |
|---|---|
| বিন্যাস: | অজ্ঞাত |
| প্রকাশিত: |
[San José, Costa Rica]
1982
|
| বিষয়গুলি: | |
| ট্যাগগুলো: |
ট্যাগ যুক্ত করুন
কোনো ট্যাগ নেই, প্রথমজন হিসাবে ট্যাগ করুন!
|
MARC
| LEADER | 00000 a2200000 4500 | ||
|---|---|---|---|
| 003 | 002162 | ||
| 005 | 20221231143751.0 | ||
| 008 | 140114s1982 c a m 000 ||s d | ||
| 040 | |c cru CEDI | ||
| 090 | |a TFG 155 | ||
| 100 | |a Guevara Chaves, Eugenio |9 15349 | ||
| 245 | |a Recomendaciones para un reglamento de recipientes a presión | ||
| 260 | |c 1982 |a [San José, Costa Rica] | ||
| 300 | |a ii, 73 hojas : ilustraciones (1 plegables) ; 28 cm | ||
| 500 | |a Proyecto de graduación (bachiller en ingenieria mecánica)--Universidad de Costa Rica. Facultad de Ingeniería. Escuela de Ingeniería Mecánica | ||
| 650 | |x EQUIPO INDUSTRIAL - NORMAS |x RECIPIENTES A PRESION - NORMAS |9 17413 | ||
| 942 | |c TFG | ||
| 999 | |c 11504 |d 11504 | ||
